Normal view
MARC view
- Joshi, Jagdish,
Entry Nombre Personal
001 - NUMERO DE CONTROL
- campo de control: 42761
003 - IDENTIFICADOR DE NUMERO DE CONTROL
- campo de control: UPN
005 - FECHA Y HORA DE LA ÜLTIMA TRANSACCIÓN
- campo de control: 20210219194623.0
008 - DATOS DE LONGITUD FIJA
- campo de control de longitud fija: nabaccnnaabn|||||||||| b |nc|||||d
035 ## - NUMERO DE CONTROL
- Número de control: UPN11000014868
040 ## - FUENTE DE CATALOGACIÓN
- Lenguaje de catalogación: SPA
- Agencia de transcripción: UPN
100 1# - ENCABEZAMIENTO - NOMBRE PERSONAL
- Nombre personal: Joshi, Jagdish,
- Fechas asociadas con el nombre: 1937-2016
670 ## - FUENTE EN LA QUE SE LOCALIZARON DATOS
- Cita de la fuente: T
- Información localizada: Wikipedia
680 ## - NOTA PUBLICA DE ACCESO PÚBLICO
- Frase explicativa de la referencia: Estudió bellas artes en el Indian College Of Arts And Draftsmanship, Dum Dum , Calcuta y más tarde trabajó para Hindustan Times y Children's Book Trust
902 ## - CATALOGADOR
- Catalogador: MCM/030719
